Mãe, Querida mãe! (Record no. 2029)
[ view plain ]
| 000 -Etiqueta do registo | |
|---|---|
| Valores | 00645nam a2200241 4500 |
| 010 ## - Número ISBN | |
| ISBN | 9789892365213 |
| 021 ## - Número do Depósito Legal | |
| Código do país | Portugal |
| Número | 436559/18 |
| 100 ## - Dados gerais de processamento | |
| Dados gerais | 20260113d2025 c||y0pory50030103ba |
| 101 ## - Língua de publicação | |
| Língua | Português |
| 102 ## - País de publicação | |
| País | Portugal |
| 200 ## - Titulo e menção de responsabilidade | |
| Título próprio | Mãe, Querida mãe! |
| Primeira menção de responsabilidade | Luísa Ducla Soares |
| Outras menções de responsabilidade | il. Sandra Serra |
| 205 ## - Menção da edição | |
| Edição | 2ª edição |
| 210 ## - Publicação | |
| Local de publicação | Alfragide |
| Nome do editor | ASA |
| Data de publicação | 2025 |
| 215 ## - Descrição física | |
| Paginação / Volumes | [12] p. |
| Outras indicações físicas | il. |
| Dimensões | 23 cm |
| 300 ## - Notas gerais | |
| Texto da nota | BMB-Registado |
| 606 ## - Nome comum usado como assunto | |
| ID Autoridade | 863 |
| Palavra de ordem | Literatura Infantil |
| 675 ## - CDU | |
| Notação | 087.5 |
| Edição | BMB |
| Língua | por |
| 700 ## - Autor principal (pessoa individual) | |
| ID Autoridade | 1362 |
| Apelido | Soares |
| Nome | Luisa Ducla |
| Datas | 1939- |
| 702 ## - Autor secundário (pessoa individual) | |
| Apelido | Serra |
| Nome | Sandra |
| Datas | 1991- |
| Função | Ilustrador |
| ID Autoridade | 1369 |
| 801 ## - Fonte de origem | |
| País | PT |
| Agência | BMB |
| Regras de catalogação | RPC |
| 990 ## - Elementos KOHA | |
| Tipo de documento | Livro |
| Situação do levantamento | Estado | Número | Biblioteca de origem | Código de barras | Cota | Permissão de empréstimo | Tipo de documento | Forma de aquisição |
|---|---|---|---|---|---|---|---|---|
| 1 | Biblioteca Municipal de Borba | 1979 | 087.5 SOA / MAE | Livro | Compra |